000 00629nam a2200193 i 4500
001 128522
003 ES-MaACL
007 t|
008 070516s1981 sp ||||1| spa d
080 _a891.44-14"19"
100 1 _aTagore, Rabindranath,
_d1861-1941
_9109071
245 1 0 _aLipika /
_cRabindranath Tagore ; ilustraciones de Nelson Leiva ; [Traducción de Marta I. Guastavino].
260 _a[Barcelona] :
_bPomaire,
_c[1981]
300 _a220 p. :
_bil. ;
_c22 cm.
700 1 _aLeiva, Nelson.
_971411
700 1 _aGuastavino, Marta I.
_960368
852 _aES-MaACL
_jL-928
_bR.101970
999 _c128522
_d128522